Insight of arsenic behavior (mineralogy fractionation and bioaccessibility), dissolution and remediation of abandoned mine site soils in new south weles australia / (Record no. 16940)
[ view plain ]
| 000 -LEADER | |
|---|---|
| fixed length control field | 00920nam a22002297a 4500 |
| 003 - CONTROL NUMBER IDENTIFIER | |
| control field | BD-DhSAU |
| 005 - DATE AND TIME OF LATEST TRANSACTION | |
| control field | 20230725155206.0 |
| 008 - FIXED-LENGTH DATA ELEMENTS--GENERAL INFORMATION | |
| fixed length control field | 150612b2021 bg ad||| m||| 00| 0 eng d |
| 040 ## - CATALOGING SOURCE | |
| Original cataloging agency | BD-DhSAU |
| 082 ## - DEWEY DECIMAL CLASSIFICATION NUMBER | |
| Edition number | 22 |
| Classification number | 631.4 |
| Item number | B2391 |
| 100 ## - MAIN ENTRY--PERSONAL NAME | |
| Personal name | Bari, ASM. Fazle |
| 245 ## - TITLE STATEMENT | |
| Title | Insight of arsenic behavior (mineralogy fractionation and bioaccessibility), dissolution and remediation of abandoned mine site soils in new south weles australia / |
| Remainder of title | Ph.D. Thesis |
| 260 ## - PUBLICATION, DISTRIBUTION, ETC. (IMPRINT) | |
| Place of publication, distribution, etc. | The University of Newcastle : |
| Name of publisher, distributor, etc. | Department of Engineering, Science and Environment, |
| Date of publication, distribution, etc. | 2022, |
| 300 ## - PHYSICAL DESCRIPTION | |
| Extent | xxviii, 270p. : |
| Other physical details | ill. ; |
| Dimensions | 30 cm. |
| 500 ## - GENERAL NOTE | |
| General note | Ph.D. thesis <br/> |
| 504 ## - BIBLIOGRAPHY, ETC. NOTE | |
| Bibliography, etc | Includes bibliographical reference. |
| 590 ## - Name of Cataloguer | |
| Name of Cataloger | Nazmul |
| 650 ## - SUBJECT ADDED ENTRY--TOPICAL TERM | |
| Topical term or geographic name as entry element | arsenic behavior (mineralogy fractionation and bioaccessibility), |
| 650 ## - SUBJECT ADDED ENTRY--TOPICAL TERM | |
| Topical term or geographic name as entry element | dissolution and remediation |
| 651 ## - SUBJECT ADDED ENTRY--GEOGRAPHIC NAME | |
| Geographic name | mine site soils in new south weles australia |
| 942 ## - ADDED ENTRY ELEMENTS (KOHA) | |
| Source of classification or shelving scheme | Dewey Decimal Classification |
| Koha item type | PhD Thesis |
| Withdrawn status | Lost status | Source of classification or shelving scheme | Damaged status | Not for loan | Collection code | Home library | Branch Name | Date acquired | Total Checkouts | Full call number | Barcode | Date last seen | Price effective from | Koha item type |
|---|---|---|---|---|---|---|---|---|---|---|---|---|---|---|
| Dewey Decimal Classification | Not For Loan | Reference | SAU Library | SAU Library | 25/07/2023 | 631.4 B2391 | 44630 | 25/07/2023 | 25/07/2023 | PhD Thesis |
